000 00245nam a22001217a 4500
020 _a978671472526X
041 _aeng
080 _a30
090 _bRAP
100 _aRapport, Samuel and Helen Wright.
245 _aAnthropology.
999 _c280066
_d280066
942 _cBK